Problémy aplikácie bonitných a predikačných modelov v podnikateľskom prostredí SR

Pokračovanie článku z predchádzajúceho čísla. Analýza informačnej kvality základných indikátorov vystupujúcich v predikčnom Altmanovom modeli. Nástroje overovania finančnej stability podnikov.

Guardado en:
Detalles Bibliográficos
Autor principal: Kabát, Ladislav
Formato: Capítulo de libro
Lenguaje:eslovaco
Materias:
Etiquetas: Agregar Etiqueta
Sin Etiquetas, Sea el primero en etiquetar este registro!

MARC

LEADER 00000naa a2200000 4500
001 0143483
005 20221107084226.8
041 0 |a slo 
044 |a SK 
245 1 0 |a Problémy aplikácie bonitných a predikačných modelov v podnikateľskom prostredí SR  |c Ladislav Kabát 
520 |a Pokračovanie článku z predchádzajúceho čísla. Analýza informačnej kvality základných indikátorov vystupujúcich v predikčnom Altmanovom modeli. Nástroje overovania finančnej stability podnikov. 
610 2 0 |a podnik 
610 2 0 |a manažment finančný 
610 2 0 |a riadenie finančné 
610 2 0 |a situácia finančná podniku 
610 2 0 |a stabilita finančná 
610 2 0 |a hospodárenie podnikové 
610 2 0 |a analýza finančná 
610 2 0 |a ukazovatele finančné 
610 2 0 |a modely 
100 1 |a Kabát, Ladislav